000 00501nam a2200181Ia 4500
008 090124s9999 xx 000 0 und d
082 _b127433
100 _aचांदोरकर नीला
245 _a जीवनदाता
250 _a1
260 _c1992
300 _a219
600 _aचांदोरकर नीला
630 _a जीवनदाता
700 _aचांदोरकर नीला
730 _a जीवनदाता
942 _cBOOK
999 _c173522
_d173522